000 00538nam a22001937a 4500
003 MPLRDC
005 20220104201335.0
008 210129b ||||| |||| 00| 0 eng d
020 _a978-983-3738-95-3
082 _a859.6 XYB v.10 c.2
100 _a许友彬
245 _a河两岸
_c
250 _a初版五刷
260 _a马来西亚
_b红蜻蜓出版有限公司 ODONATA PUBLISHING SDN BHD
_c2016
300 _b
490 _a许友彬作品: 10
650 _a儿童故事;儿童小说
942 _cBK
_o859.6 XYB v.10 c.2
999 _c67125
_d67115